| 000 | 01150cam a22003257a 4500 | ||
|---|---|---|---|
| 003 | CHAP | ||
| 005 | 20220817044038.0 | ||
| 008 | 050831d2000 mx d r 00110 spa d | ||
| 010 | _a90836 | ||
| 011 | _a91808 | ||
| 020 | _a9682322332 | ||
| 035 | _a102371 | ||
| 040 | _cCHAP | ||
| 082 | 0 | 4 |
_a378 _bR48 |
| 100 | 0 | 0 |
_aReséndiz Núñez, Daniel. _996141 |
| 245 | 1 | 0 |
_aFuturos de la educación superior en México _c/por Daniel Reséndiz Núñez |
| 260 |
_aMéxico, D. F. : _bSiglo Veintiuno, _c2000 |
||
| 300 |
_a141 p. : _bgráfs. ; cuadros |
||
| 590 |
_aBATCH-UPD _b10 _c20130110 _lUCH01 _h1707 |
||
| 590 |
_aBATCH-UPD _b10 _c20130410 _lUCH01 _h1053 |
||
| 590 |
_aBATCH-UPD _b10 _c20130914 _lUCH01 _h1246 |
||
| 590 |
_aCONVERSION _b10 _c20130109 _lUCH01 _h1350 |
||
| 650 | 1 | 4 | _aEducación superior. |
| 901 | _aBK | ||
| 905 | _aMarco A. Mendoza T. | ||
| 942 | _cLIBRO | ||
| 949 |
_a378 R48 _bBC _cLIBRO _d33724000961389 _eLIBRO _gI.c/e _h106767 _i102371 _sb _t$88.00 |
||
| 949 |
_a378 R48 _bBC _cLIBRO _d33724000961397 _eLIBRO _fc.2 _gI.c/e _h106768 _i102371 _sb _t$88.00 |
||
| 949 |
_a378 R48 _bBC _cLIBRO _d33724000961405 _eLIBRO _fc.3 _gI.c/e _h106769 _i102371 _sb _t$88.00 |
||
| 999 |
_c90836 _d90836 |
||